000 00260nam a22001217a 4500
008 181102b xxu||||| |||| 00| 0 eng d
041 _aeng
080 _a941
100 _a17
101 _aHIS
245 _aFrom Bomba to Hip-Hop
_cFlores, J
942 _2udc
_cBK
999 _c51681
_d51681